Generation Next (Record no. 75840)

MARC details
000 -LEADER
fixed length control field 00722nam a2200181 a 4500
008 - FIXED-LENGTH DATA ELEMENTS--GENERAL INFORMATION
fixed length control field 201117s2017 ||||||||||||||||| || u
020 ## - INTERNATIONAL STANDARD BOOK NUMBER
International Standard Book Number 9781473634404
050 ## - LIBRARY OF CONGRESS CALL NUMBER
Classification number PZ 7.H584
100 ## - MAIN ENTRY--PERSONAL NAME
Personal name White, Oli
245 10 - TITLE STATEMENT
Title Generation Next
Statement of responsibility, etc. By Oli Whte
260 ## - PUBLICATION, DISTRIBUTION, ETC.
Place of publication, distribution, etc. London
Name of publisher, distributor, etc. Hodder and Stoughton Ltd
Date of publication, distribution, etc. 2017
260 ## - PUBLICATION, DISTRIBUTION, ETC.
Place of publication, distribution, etc. London
Name of publisher, distributor, etc. Hodder and Stoughton
Date of publication, distribution, etc. 2017
300 ## - PHYSICAL DESCRIPTION
Extent 312 pages
350 ## -
-- 19.78
650 ## - SUBJECT ADDED ENTRY--TOPICAL TERM
Topical term or geographic name entry element ENGLISH LANGUAGE
995 ## -
-- FICTION Collection
-- 905208
-- CBU-SCHOOL OF MEDICINE LIBRARY (Ndola)
-- 19.78
-- PZ 7.H584
-- 1
-- AVAILABLE
-- Nov 20, 2020
-- 905208
-- Fiction Collection
995 ## -
-- FICTION Collection
-- 750499
-- CBU-MAIN LIBRARY (Kitwe)
-- 19.78
-- PZ 7.H584
-- 2
-- AVAILABLE
-- Dec 7, 2020
-- 750499
-- Fiction Collection
999 ## -
-- 75840
-- 75840

No items available.